00461 a2200169 450000100060000002000150000604000220002110000190004324000290006224500240009130000070011536200090012265000230013194200070015495201130016199900170027457300 a8502042262 cAnchieta - Pituba aPerlman, Alina10aO jeitão da turmalpor10aO jeitão da turma a610 a2003 4aLiteratura juvenil cBK 00104070a91.1b91.1d2023-11-21l0oLJ 028.5 P451j PER JEIp7287/PITr2023-11-21 18:24:57w2023-11-21yBK c57300d57300